000 00740nas a2200229 4500
001 BR3600059
003 BR-BrBNA
005 20231205081814.0
007 ta
008 230509b bl.|||p| |||| 00| 00por d
040 _aBR-BrBNA
_bpor
_cBiblioteca Nacional de Agricultura
041 _a(Pt)
072 _aQ10; S10
100 1 _aOrosco, E.
245 1 _aContribuicao ao estudo da chimica do cafe. Definicao de torrefacao. Temperatura de torrefacao. Gazes desprendidos durante o aquecimento
650 _aCAFE
650 _aTORREFACAO
650 _aANALISE QUIMICA
773 0 _tRevista de Chimica Industrial (Brazil)
_x
_g(Apr 1936), v. 5(48) p. 137-140
_wBR3600059
909 _a202311
_bLúcia
_c55
_dLúcia Elande
942 _2AGRIS
_n0
_cANA
999 _c86996
_d86996